La nueva masculinidad. Rey, guerrero, mago y amante

Збережено в:
Бібліографічні деталі
Автори: Morre, Robert (autor), Gillette, Douglas (Автор)
Формат: Книга
Мова:Іспанська
Опубліковано: Barcelona Paidós 1993
Редагування:1a. ed
Серія:Paidós Contextos, 9
Предмети:
Теги: Додати тег
Немає тегів, Будьте першим, хто поставить тег для цього запису!

MARC

LEADER 00000nam a2200000 a 4500
001 UCI2808
003 CL-VaPUC
008 070928e19930000SP |||||||||||||||||spa|d
020 |a 8475098444 
082 0 4 |a 155.632  |b MOO  |2 21 
100 |a Morre, Robert  |e autor  |9 523975 
700 0 |a Gillette, Douglas  |e author  |9 523976 
245 1 3 |a La nueva masculinidad. Rey, guerrero, mago y amante 
250 |a 1a. ed 
300 |a 173 p 
942 |c BK 
945 |d 20070928 00:00:00  |a rbrito 
260 |a Barcelona  |b Paidós  |c 1993 
650 7 |a HOMBRE  |2 CL-VaPUC  |9 262149 
650 0 |a Psicología del desarrollo  |9 307541 
650 7 |a PSICOLOGIA DE LOS ADULTOS  |2 CL-VaPUC  |9 334763 
650 0 |a Naturaleza humana   |9 308593 
650 0 |a Desarrollo individual   |9 307875 
583 |a last modification  |c 20130101 10:11:30  |k Rodrigo Vera 
490 0 |a Paidós Contextos, 9 
999 |c 327231  |d 327229 
952 |0 0  |1 0  |4 0  |6 155_632000000000000_MOO_1993  |7 0  |8 A  |9 409781  |a BIBEDU  |b BIBEDU  |d 2019-11-22  |i 4374436  |o 155.632 MOO 1993  |p 4374436  |r 2019-11-22  |w 2019-11-22  |y BK  |k PSI